00675nam a2200193 a 450000100060000000300090000600800410001504000280005608200230008410000510010724500630015826000320022130000240025350000880027765000190036565000270038465000260041165000440043711187CO-ViMGA141112s2004 ck r 000 u spa d aCO-ViMGAbspacCO-ViMGA04aFr 338.98616 C16or1 aConsejo Regional de - Corpes de la Orinoquia, 10aOrinoquia hacia el siglo XXI - Plan de desarrollo regional aCorpes de Orinoquia, c1994 a381 p. mapas I - XX aEn : Orinoquia hacia el siglo XXI - Plan de desarrollo regional; Fr 338.98616 C16or14aFONDO REGIONAL14aORINOQUIA - Economía14aORINOQUIA - POBLACION14aPLAN DE DESARROLLO REGIONAL - ORINOQUIA